000 00320nam a22001217a 4500
020 _a07-030847-0
082 _a621.381 ACT'H
100 _aHUELSMAN, L. P
_957290
245 _aACTIVE FILTERS LUMPED DISTRIBUTED INTEGRATED DIGITAL AND PARAMATRIC
260 _aNEWYORK
_bMCGRAW HILL
_c1970
300 _a372P
942 _cBK
999 _c580484
_d580484